[Event "NRW Verbandsklasse Group3 1314"]
[Site "Nordrheinwestfalen"]
[Date "2014.02.16"]
[Round "7.4"]
[White "Dahlhaus, Friedhelm"]
[Black "Ziperstein, Jakob"]
[Result "1/2-1/2"]
[WhiteElo "1945"]
[BlackElo "1857"]
[PlyCount "101"]
[EventDate "2013.09.08"]
[EventType "team-tourn"]
[EventRounds "9"]
[EventCountry "GER"]
[SourceTitle "EXT 2020"]
[Source "ChessBase"]
[SourceDate "2019.10.17"]
[SourceVersion "1"]
[SourceVersionDate "2019.10.17"]
[SourceQuality "1"]
[WhiteTeam "Wacker Bergeborbeck"]
[BlackTeam "Dortmund FS 98 II"]
[WhiteTeamCountry "GER"]
[BlackTeamCountry "GER"]

1. e4 g6 2. d4 Bg7 3. Nc3 d6 4. f4 Nf6 5. Nf3 0-0 6. Bd3 Nbd7 7. e5 Ne8 8. 0-0 e6 9. Qe1 a6 10. Be3 b5 11. Bf2 Nb6 12. Bh4 Qd7 13. Ne4 Nd5 14. Qd2 f5 15. exf6 Nexf6 16. Rae1 Rb8 17. Re2 Nxe4 18. Rxe4 Nf6 19. Re2 Bh6 20. Bg5 Bg7 21. Rfe1 Qf7 22. Bh4 Nd5 23. g3 h6 24. Be4 Nf6 25. Bxf6 Qxf6 26. c3 Bd7 27. Qc2 Be8 28. Bd3 Bf7 29. Nh4 Kh7 30. Nxg6 Bxg6 31. Rxe6 Bxd3 32. Qxd3+ Qf5 33. Qf3 Rf7 34. Kg2 Rbf8 35. R1e2 Be5 36. Qe4 Qxe4+ 37. Rxe4 Bf6 38. Kf3 Rb8 39. b4 a5 40. a3 axb4 41. axb4 Ra8 42. Re3 Ra3 43. Ke4 Ra2 44. h4 h5 45. Kd5 Ra6 46. Re8 Kg7 47. Rb8 Be7 48. Re6 c6+ 49. Ke4 Ra1 50. Kd3 Rg1 51. Re3 1/2-1/2

[Event "Ruhrgebiet VK2 1213"]
[Site "Nordrheinwestfalen"]
[Date "2013.04.28"]
[Round "9.6"]
[White "Ziperstein, Jakob"]
[Black "Medger, Gernot"]
[Result "1/2-1/2"]
[WhiteElo "1854"]
[BlackElo "1748"]
[PlyCount "26"]
[EventDate "2012.09.02"]
[EventType "team-tourn"]
[EventRounds "9"]
[EventCountry "GER"]
[SourceTitle "EXT 2020"]
[Source "ChessBase"]
[SourceDate "2019.10.17"]
[SourceVersion "1"]
[SourceVersionDate "2019.10.17"]
[SourceQuality "1"]
[WhiteTeam "Dortmund FS 98 II"]
[BlackTeam "Boenen SV"]
[WhiteTeamCountry "GER"]
[BlackTeamCountry "GER"]

1. e4 d6 2. Nc3 Nf6 3. Nf3 e5 4. h3 Be7 5. d4 Nbd7 6. Bg5 0-0 7. dxe5 dxe5 8. Bc4 c6 9. 0-0 Qc7 10. Qe2 b5 11. Bd3 Nc5 12. Nd1 Be6 13. Re1 Rad8 1/2-1/2

[Event "Ruhrgebiet Verbandsliga1 1213"]
[Site "Nordrheinwestfalen"]
[Date "2012.09.30"]
[Round "2.8"]
[White "Fitzek, Timm"]
[Black "Ziperstein, Jakob"]
[Result "0-1"]
[WhiteElo "1646"]
[BlackElo "1854"]
[PlyCount "40"]
[EventDate "2012.09.02"]
[EventType "team-tourn"]
[EventRounds "9"]
[EventCountry "GER"]
[SourceTitle "EXT 2020"]
[Source "ChessBase"]
[SourceDate "2019.10.17"]
[SourceVersion "1"]
[SourceVersionDate "2019.10.17"]
[SourceQuality "1"]
[WhiteTeam "Hamm SVg"]
[BlackTeam "Dortmund FS 98"]
[WhiteTeamCountry "GER"]
[BlackTeamCountry "GER"]

1. e4 g6 2. d4 Bg7 3. c4 d6 4. Nf3 Nf6 5. Nc3 0-0 6. Be2 c5 7. 0-0 cxd4 8. Nxd4 Nc6 9. Nxc6 bxc6 10. Be3 Bb7 11. Rb1 Qc7 12. Qc1 a5 13. Bh6 Rfd8 14. Bxg7 Kxg7 15. Qe3 Ba6 16. Rfd1 Rab8 17. b3 Nd7 18. f4 f6 19. Qg3 Nc5 20. Kf1 Rb7 0-1

[Event "Dortmund-ch"]
[Site "Dortmund"]
[Date "2004.03.02"]
[Round "2"]
[White "Ziperstein, Jakob"]
[Black "Schiefelbusch, Dirk"]
[Result "1-0"]
[WhiteElo "1831"]
[BlackElo "2103"]
[PlyCount "165"]
[EventDate "2004.03.01"]
[EventType "swiss"]
[EventRounds "9"]
[EventCountry "GER"]
[SourceTitle "EXT 2006"]
[Source "ChessBase"]
[SourceDate "2005.11.24"]
[SourceVersion "1"]
[SourceVersionDate "2005.11.24"]
[SourceQuality "1"]

1. e4 c6 2. Nf3 d5 3. exd5 cxd5 4. d4 Nf6 5. Be2 Nc6 6. 0-0 Bg4 7. Re1 e6 8. c3 Be7 9. Nbd2 0-0 10. Nf1 h6 11. Ng3 Nh5 12. Nxh5 Bxh5 13. Ne5 Bxe2 14. Qxe2 Nxe5 15. Qxe5 Bf6 16. Qh5 Bg5 17. Bxg5 Qxg5 18. Qxg5 hxg5 19. Re5 g4 20. Rae1 Rfe8 21. Kf1 Kh7 22. R1e3 g6 23. Rg3 b5 24. Rxg4 Kg7 25. Rg3 Kf6 26. Re1 Rec8 27. Rf3+ Kg7 28. Ke2 Rc4 29. Rd3 Rac8 30. a3 a5 31. Kd2 b4 32. axb4 axb4 33. Ra1 Rb8 34. Kc2 Rc7 35. Rd2 bxc3 36. bxc3 Rbc8 37. Ra3 Kf6 38. Kd3 Kf5 39. Rb2 Kf6 40. h3 Kg7 41. Rb6 Kf6 42. Rb5 Kg7 43. Kd2 Kf6 44. Rb2 Kg7 45. Kd3 Kf6 46. Rc2 Kg7 47. Ra4 Rd7 48. f4 Kf6 49. Ra1 Rdc7 50. Re1 Rb7 51. Rf1 Ra7 52. g4 Rh8 53. Rh2 Ra3 54. Rb1 Rc8 55. Rc2 Rh8 56. Rh1 Rb3 57. Rch2 Rc8 58. Rc1 Ra3 59. h4 Rb3 60. Rf2 Rh8 61. Rh1 Rc8 62. Rc2 Rh8 63. Rch2 Rc8 64. Rc1 Rh8 65. Kc2 Rhb8 66. Kd3 Rh8 67. Re1 Rc8 68. g5+ Kf5 69. Rc2 Rc7 70. Re5+ Kxf4 71. Re1 Kg3 72. h5 gxh5 73. g6 fxg6 74. Rg1+ Kh3 75. Rxg6 Rf7 76. Rxe6 Rf3+ 77. Re3 Rg3 78. Ke2 Rxe3+ 79. Kxe3 h4 80. Kf4 Rb1 81. c4 dxc4 82. Rxc4 Kg2 83. Rc2+ 1-0

[Event "Ruhrgebiet VL1 0304"]
[Site "Ruhrgebiet"]
[Date "2004.01.11"]
[Round "5.7"]
[White "Ziperstein, Jakob"]
[Black "Kunkel, Wolfgang"]
[Result "1-0"]
[WhiteElo "1950"]
[BlackElo "1866"]
[PlyCount "73"]
[EventDate "2003.09.28"]
[EventType "team-tourn"]
[EventRounds "9"]
[EventCountry "GER"]
[SourceTitle "EXT 2007"]
[Source "ChessBase"]
[SourceDate "2006.11.23"]
[SourceVersion "1"]
[SourceVersionDate "2006.11.23"]
[SourceQuality "1"]
[WhiteTeam "Dortmund FS 98"]
[BlackTeam "Gelsenkirchen II"]
[WhiteTeamCountry "GER"]
[BlackTeamCountry "GER"]

1. e4 Nf6 2. Nc3 d5 3. exd5 Nxd5 4. Qf3 Nxc3 5. Qxc3 Nd7 6. Nf3 Nf6 7. Bc4 e6 8. d3 Be7 9. 0-0 0-0 10. d4 b6 11. Re1 Bb7 12. Ne5 Rc8 13. Qh3 Nd5 14. Bd3 Nf6 15. Bg5 g6 16. Bh6 Qxd4 17. Bxf8 Bxf8 18. c3 Qd8 19. Bc4 Bd6 20. Rad1 Qf8 21. Qh4 Qg7 22. Nxf7 Kxf7 23. Rxe6 Bd5 24. Bxd5 Nxd5 25. Rxd6 cxd6 26. Rxd5 Re8 27. g3 Re6 28. Qc4 Qf8 29. Rd3 Ke7 30. Qc7+ Ke8 31. Qc8+ Ke7 32. Qb7+ Ke8 33. Qb8+ Ke7 34. Qxa7+ Ke8 35. Qb8+ Ke7 36. Qb7+ Ke8 37. Rf3 1-0

[Event "Ruhrgebiet VL1 0304"]
[Site "Ruhrgebiet"]
[Date "2003.11.09"]
[Round "3.7"]
[White "Ziperstein, Jakob"]
[Black "Weyh, Thomas"]
[Result "0-1"]
[WhiteElo "1950"]
[BlackElo "1978"]
[PlyCount "120"]
[EventDate "2003.09.28"]
[EventType "team-tourn"]
[EventRounds "9"]
[EventCountry "GER"]
[SourceTitle "EXT 2007"]
[Source "ChessBase"]
[SourceDate "2006.11.23"]
[SourceVersion "1"]
[SourceVersionDate "2006.11.23"]
[SourceQuality "1"]
[WhiteTeam "Dortmund FS 98"]
[BlackTeam "Oberhausen"]
[WhiteTeamCountry "GER"]
[BlackTeamCountry "GER"]

1. e4 e6 2. Nf3 d5 3. exd5 exd5 4. d4 Bd6 5. Be2 Nf6 6. 0-0 0-0 7. h3 Bf5 8. Be3 Nbd7 9. Nbd2 c6 10. Nh4 Be6 11. Nhf3 Bf5 12. c4 Re8 13. Nh4 Be6 14. Rc1 Ne4 15. Nhf3 Ndf6 16. Ng5 Nxd2 17. Nxe6 Rxe6 18. Bxd2 Bc7 19. g3 Qe7 20. Bf3 dxc4 21. Rxc4 Rd8 22. Kg2 Bb6 23. Qa4 h6 24. Ba5 Qc7 25. Bxb6 axb6 26. Qc2 Qd6 27. a3 Nd5 28. Kg1 Rde8 29. Qd2 Rg6 30. Bxd5 Qxd5 31. Rcc1 c5 32. Rfd1 Rd6 33. Rc3 cxd4 34. Rd3 Red8 35. Qf4 Qg5 36. Qxg5 hxg5 37. Kf1 Kf8 38. Ke2 Ke7 39. Rb3 Re6+ 40. Kf3 Rf6+ 41. Kg2 Rd5 42. Rdd3 Kd7 43. Kf1 Kc6 44. Rb4 Kc5 45. f3 Rh6 46. Kg2 Re6 47. Kf2 Rde5 48. g4 Re1 49. Rd2 d3 50. b3 b5 51. f4 R1e2+ 52. Rxe2 Rxe2+ 53. Kf1 f6 54. fxg5 fxg5 55. h4 gxh4 56. Rf4 Ra2 57. b4+ Kd5 58. Rf5+ Ke4 59. Ke1 h3 60. Rf8 h2 0-1